The Chambers dictionary (Record no. 16902)

MARC details
000 -LEADER
fixed length control field 00460nam a22001577a 4500
008 - FIXED-LENGTH DATA ELEMENTS--GENERAL INFORMATION
fixed length control field 180704b xxu||||| |||| 00| 0 eng d
020 ## - INTERNATIONAL STANDARD BOOK NUMBER
International Standard Book Number 0550102898
040 ## - CATALOGING SOURCE
Original cataloging agency KABU
Transcribing agency KABU
050 ## - LIBRARY OF CONGRESS CALL NUMBER
Classification number PE1628
Item number .C43 2008 c. 1
245 ## - TITLE STATEMENT
Title The Chambers dictionary
250 ## - EDITION STATEMENT
Edition statement 11th ed.
260 ## - PUBLICATION, DISTRIBUTION, ETC. (IMPRINT)
Place of publication, distribution, etc. London
Name of publisher, distributor, etc. Chambers Harrap publishers Ltd
Date of publication, distribution, etc. 2008
300 ## - PHYSICAL DESCRIPTION
Extent xxxi, 1869 p.
650 ## - SUBJECT ADDED ENTRY--TOPICAL TERM
Topical term or geographic name as entry element English language
Form subdivision Dictionaries
942 ## - ADDED ENTRY ELEMENTS (KOHA)
Source of classification or shelving scheme Library of Congress Classification
Koha item type Reference
Edition 11th ed.
Classification part PE1628
Call number prefix REF
Holdings
Withdrawn status Lost status Source of classification or shelving scheme Not for loan Home library Current library Shelving location Date acquired Cost, normal purchase price Total Checkouts Full call number Barcode Date last seen Copy number Price effective from Koha item type
    Library of Congress Classification   Kabarak, Main Campus Kabarak, Main Campus Reference 04/07/2018 4500.00   PE1628 .C43 2008 c. 1 025319 04/07/2018 c.1 04/07/2018 Reference
    Library of Congress Classification   Kabarak, Main Campus Kabarak, Main Campus Reference 04/07/2018 4500.00   PE1628 .C43 2008 c. 2 025320 04/07/2018 c.2 04/07/2018 Reference
    Library of Congress Classification   Kabarak, Nakuru City Campus Kabarak, Nakuru City Campus Reference 04/07/2018 4500.00   PE1628 .C43 2008 c. 1 025321 04/07/2018 c.1 04/07/2018 Reference
    Library of Congress Classification   Kabarak, Nakuru City Campus Kabarak, Nakuru City Campus Reference 14/08/2018 4500.00   PE1628 .C43 2008 c. 1 022081 14/08/2018 c.1 04/07/2018 Reference
Designed with assistance from East African Informatics Ltd